000
00280nam a22001217a 4500
040
_c
SY
082
_a
332
100
_a
ហ៊ឹង សាលីន
245
_a
ហិរញ្ញវត្ថុជនបទ
260
_a
RUA
_b
ហ៊ឹង
_c
2005
300
_a
139p.
942
_c
KB
999
_c
9780
_d
9780